RNA-Seq Analysis of Regulatory Mechanism of COVID-19 Patients for Elucidating Therapeutics / (Record no. 591435)

000 -LEADER
fixed length control field 00445nam a22001457a 4500
027 ## - STANDARD TECHNICAL REPORT NUMBER
Qualifying information Hard Cover.
040 ## - CATALOGING SOURCE
Transcribing agency SINES-NUST.
082 ## - DEWEY DECIMAL CLASSIFICATION NUMBER
Classification number 570.2
Author Mark AHM
100 ## - MAIN ENTRY--PERSONAL NAME
Personal name Uruba Ahmad.
9 (RLIN) 98965
245 ## - TITLE STATEMENT
Title RNA-Seq Analysis of Regulatory Mechanism of COVID-19 Patients for Elucidating Therapeutics /
Statement of responsibility, etc. Ahmad, Aruba
260 ## - PUBLICATION, DISTRIBUTION, ETC.
Place of publication, distribution, etc. Islamabad:
Name of publisher, distributor, etc. SINES-NUST,
Date of publication, distribution, etc. 2022.
300 ## - PHYSICAL DESCRIPTION
Extent 97 p. :
Other physical details ill. ;
Dimensions 30cm.
650 ## - SUBJECT ADDED ENTRY--TOPICAL TERM
General subdivision MS-Bioinformatics.
942 ## - ADDED ENTRY ELEMENTS (KOHA)
Source of classification or shelving scheme
Koha item type Thesis
Holdings
Withdrawn status Lost status Source of classification or shelving scheme Damaged status Not for loan Permanent Location Current Location Shelving location Date acquired Total Checkouts Full call number Barcode Date last seen Price effective from Koha item type
          School of Interdisciplinary Engineering and Sciences (SINES) School of Interdisciplinary Engineering and Sciences (SINES) Thesis 09/21/2022   570.2 AHM RCMS003352 09/21/2022 09/21/2022 Reference
© 2023 Central Library, National University of Sciences and Technology. All Rights Reserved.